ផ្សព្វផ្សាយព្រៃឈើ (Record no. 9910)
[ view plain ]
| 000 -LEADER | |
|---|---|
| fixed length control field | 00273nam a22001217a 4500 |
| 040 ## - CATALOGING SOURCE | |
| Transcribing agency | SY |
| 082 ## - DEWEY DECIMAL CLASSIFICATION NUMBER | |
| Classification number | 634 |
| 100 ## - MAIN ENTRY--AUTHOR NAME | |
| Personal name | ខៀវ ឆដា |
| 245 ## - TITLE STATEMENT | |
| Title | ផ្សព្វផ្សាយព្រៃឈើ |
| 260 ## - PUBLICATION, DISTRIBUTION, ETC. (IMPRINT) | |
| Place of publication | RUA |
| Name of publisher | ខៀវ |
| Year of publication | 1997 |
| 300 ## - PHYSICAL DESCRIPTION | |
| Number of Pages | 53p. |
| 942 ## - ADDED ENTRY ELEMENTS (KOHA) | |
| Koha item type | សៀវភៅភាសាខ្មែរ |
| 952 ## - LOCATION AND ITEM INFORMATION (KOHA) | |
| Withdrawn status [LOCAL, KOHA] | 0 |
| 952 ## - LOCATION AND ITEM INFORMATION (KOHA) | |
| Withdrawn status [LOCAL, KOHA] | 0 |
| Permanent Location | Date acquired | Koha item type | Lost status | Shelving location | Barcode | Current Location | Full call number |
|---|---|---|---|---|---|---|---|
| Library Block C | 2016-09-15 | សៀវភៅភាសាខ្មែរ | C241 | RUA043564 | Library Block C | 634 ខៀវ 1997 C241 | |
| Library Block C | 2016-09-15 | សៀវភៅភាសាខ្មែរ | C241 | RUA44300 | Library Block C | 634 ខៀវ 1997 C241 |